| 000 | 00519pab a2200229 454500 | ||
|---|---|---|---|
| 008 | 180718b2012 xxu||||| |||| 00| 0 eng d | ||
| 100 | _aHunter, Caroline | ||
| 245 | _aParent abuse: Can law be the answer? | ||
| 260 | _c2012 | ||
| 300 | _ap.217-227. | ||
| 362 | _aApr | ||
| 650 | _aJustice | ||
| 650 | _aYouth | ||
| 650 | _aLaw | ||
| 650 | _aParents | ||
| 650 | _aChildren | ||
| 650 | _aChild abuse | ||
| 700 | _aPiper, Christine | ||
| 773 | _aSocial Policy and Society | ||
| 908 | _aN | ||
| 909 | _a97239 | ||
| 999 |
_c97239 _d97239 |
||